000 00462nam a2200193Ia 4500
003 OSt
005 20241018161445.0
008 210210b1970 xxu||||| |||| 00| 0 eng d
040 _cAL
041 _aEnglish
082 _a152.4 HILL
100 _aHILDEBRAND (Alice Von)
_9182733
245 _aLove and Selfishness
260 _aAllahabad
_bBetter yourself books
_c1970
300 _a31
690 _aPsychology
_9182734
906 _a029835
942 _2ddc
_cBK
999 _c81035
_d81035